| 000 | 01029cam a2200313 a 4500 | ||
|---|---|---|---|
| 001 | 3752499 | ||
| 003 | NUST - PNEC | ||
| 005 | 20170116180851.0 | ||
| 008 | 830203s1982 nyua b 001 0 eng | ||
| 010 | _a 82060100 | ||
| 020 | _a0895771411 | ||
| 040 |
_aDLC _cLIBRARY _dDLC |
||
| 050 | 0 | 0 |
_aTX353 _b.E27 1982 |
| 082 | _a641.1 REA | ||
| 100 |
_95707 _aReader's |
||
| 245 | 0 | 0 |
_aEat better, live better :a commonsense guide to nutrition and good health / _cReader's digest ; [editor, Joseph L. Gardner ; contributing writers, Robert Bahr ... et al.]. |
| 260 |
_aPleasantville, N.Y. : _bReader's Digest Association, _cc1982. |
||
| 300 |
_a416 p. : _bill. (some col.) ; _c27 cm. |
||
| 500 | _aIncludes index. | ||
| 504 | _aBibliography: p. 398-401. | ||
| 650 | 0 | _aNutrition. | |
| 650 | 0 |
_aDiet. _xGeneral |
|
| 650 | 0 | _aFood. | |
| 700 | 1 |
_aGardner, Joseph Lawrence, _d1933- |
|
| 700 | 1 |
_aBahr, Robert, _d1940- |
|
| 730 | 0 | _aReader's digest. | |
| 906 |
_a7 _bcbc _corignew _d2 _eopcn _f19 _gy-gencatlg |
||
| 942 |
_2ddc _cBK |
||
| 999 |
_c64619 _d64619 |
||